000 00205 a2200097 4500
001 32739
100 _aNAP, Hale, John
245 _aNapoleon
260 _aLondon
_bFaber & Faber
_c
090 _c21937
_d21937
942 _aNUST-CAE
_cM
_c13266
999 _c267812
_d267812